| 000 | 00431nam a2200145Ia 4500 | ||
|---|---|---|---|
| 008 | 170224s9999 xx 000 0 und d | ||
| 100 | _aRonald Paul Hill | ||
| 245 | _aPoverty as we never knew it: THE source of vulnerability for most of humankind | ||
| 245 | _cRonald Paul Hill | ||
| 260 | _bJournal of Marketing Management | ||
| 260 | _c2016 | ||
| 300 | _a32:3-4, Pages: 365-370 | ||
| 500 | _aMarch | ||
| 650 | _xMarketing. | ||
| 999 |
_c315993 _d315993 |
||